• 首页
  • 本馆介绍
  • 公告通知
  • 最新文献
  • 馆藏检索
  • 电子资源
  • 读者导购
  • 参考咨询
  • 我的图书馆
  • 登录
  • 详细信息显示
  • 放入我的书架
  • 预约/预借图书
  • 作者相关作品
  • 分类相关作品
  • 丛书相关作品
  • 出版社相关作品

书目信息

  • 表格格式
  • 工作单格式
  • 卡片格式
题名:
唐诗·宋词三百首
    
 
作者: 李白 著 ;樊文龙 编译
分册:  
出版信息: 北京   北京联合出版公司  2016
页数: 191页
开本: 24cm
丛书名:
单 册:
中图分类: I222.742 , I222.844
科图分类:
主题词: 唐诗--诗集 , 宋词--作品集
电子资源:
ISBN: 978-7-5502-6619-3
000 00783nam0 2200265 450
001 0103831138
005 20160808163457.0
010    @a978-7-5502-6619-3@dCNY29.90
100    @a20160506d2016 em y0chiy0120 ea
101 0  @achi
102    @aCN@b110000
105    @aa z 000gy
106    @ar
200 1  @a唐诗·宋词三百首@9Tang Shi · Song Ci San Bai;Bo Shou @e全彩精华版@f(唐)李白等著@g樊文龙编译@b专著
210    @a北京@c北京联合出版公司@d2016
215    @a191页@c彩图@d24cm
300    @a美丽国学
606 0  @a唐诗@x诗集
606 0  @a宋词@x作品集
690    @aI222.742@v5
690    @aI222.844@v5
701  0 @c(唐)@a李白@f(701~762)@9li bai@4著
702  0 @a樊文龙@9fan wen long@4编译
801  0 @aCN@bAZmarc@c20230903
905    @aBZT@dI222.742@e209@f1@sI222.742/209
    
    唐诗·宋词三百首:全彩精华版/(唐)李白等著/樊文龙编译.-北京:北京联合出版公司,2016
    191页:彩图;24cm
    美丽国学
    
    ISBN 978-7-5502-6619-3:CNY29.90
    
●
相关链接 在五车中查询图书 在当当中查询图书 在豆瓣中查询图书


正题名:唐诗·宋词三百首     索取号:I222.742/209         预约/预借

序号 登录号 条形码 馆藏地/架位号 状态 备注
山东省滨州职业学院图书馆 欢迎您!
大连网信软件有限公司© 版权所有